[Event "Pardubice rapid op 34th"]
[Site "Pardubice"]
[Date "2023.07.20"]
[Round "4"]
[White "Lalic, Bogdan"]
[Black "Rasik, Vitezslav"]
[Result "1/2-1/2"]
[WhiteElo "2371"]
[BlackElo "2413"]
[PlyCount "20"]
[EventDate "2023.07.19"]
[EventType "swiss (rapid)"]
[EventRounds "9"]
[EventCountry "CZE"]
[SourceTitle "CBM 215 Extra"]
[Source "ChessBase"]
[SourceDate "2023.09.30"]
[SourceVersion "1"]
[SourceVersionDate "2023.09.30"]
[SourceQuality "1"]

1. d4 Nf6 2. c4 g6 3. Nf3 Bg7 4. g3 0-0 5. Bg2 d6 6. 0-0 Nc6 7. Nc3 e5 8. d5 Nb8 9. e4 a5 10. Ne1 Na6 1/2-1/2

[Event "Pardubice rapid op 34th"]
[Site "Pardubice"]
[Date "2023.07.20"]
[Round "5"]
[White "Rasik, Vitezslav"]
[Black "Brejnik, Gustav"]
[Result "1-0"]
[WhiteElo "2413"]
[BlackElo "2249"]
[PlyCount "39"]
[EventDate "2023.07.19"]
[EventType "swiss (rapid)"]
[EventRounds "9"]
[EventCountry "CZE"]
[SourceTitle "CBM 215 Extra"]
[Source "ChessBase"]
[SourceDate "2023.09.30"]
[SourceVersion "1"]
[SourceVersionDate "2023.09.30"]
[SourceQuality "1"]

1. e4 c6 2. c4 d5 3. cxd5 cxd5 4. exd5 Nf6 5. Bb5+ Nbd7 6. Nc3 a6 7. Be2 b5 8. Nf3 Bb7 9. 0-0 Nb6 10. Ne5 Nfxd5 11. d4 g6 12. a4 Nxc3 13. bxc3 bxa4 14. Rb1 Rc8 15. c4 f6 16. c5 fxe5 17. Rxb6 Qd5 18. Bf3 e4 19. Bg4 Rc7 20. Be6 1-0

[Event "Pardubice rapid op 34th"]
[Site "Pardubice"]
[Date "2023.07.20"]
[Round "7"]
[White "Rasik, Vitezslav"]
[Black "Cerveny, Martin"]
[Result "1/2-1/2"]
[WhiteElo "2413"]
[BlackElo "2400"]
[PlyCount "75"]
[EventDate "2023.07.19"]
[EventType "swiss (rapid)"]
[EventRounds "9"]
[EventCountry "CZE"]
[SourceTitle "CBM 215 Extra"]
[Source "ChessBase"]
[SourceDate "2023.09.30"]
[SourceVersion "1"]
[SourceVersionDate "2023.09.30"]
[SourceQuality "1"]

1. e4 c5 2. Nf3 d6 3. c3 Nf6 4. h3 b6 5. Bd3 Bb7 6. Qe2 Nbd7 7. 0-0 Qc7 8. Bc2 Rc8 9. Na3 a6 10. d4 e6 11. Bf4 h6 12. Rfe1 g5 13. Bh2 g4 14. hxg4 Nxg4 15. Bg3 h5 16. Rad1 b5 17. Bb1 Be7 18. Nc2 Nf8 19. Nh4 Rg8 20. d5 Qd8 21. Nf3 e5 22. Ne3 Nxe3 23. Qxe3 Qd7 24. Bd3 Ng6 25. Bf1 h4 26. Bh2 Qg4 27. a4 bxa4 28. Kh1 Rb8 29. Ra1 Bc8 30. Ra2 Bd7 31. Ng1 Bb5 32. Qf3 Qg5 33. Nh3 Qd2 34. Rd1 Qc2 35. Bd3 Qb3 36. Rda1 Bd7 37. Qe2 Nf8 38. Bxa6 1/2-1/2

[Event "Teplice op"]
[Site "Teplice"]
[Date "2023.06.18"]
[Round "9"]
[White "Rasik, Vitezslav"]
[Black "Sieber, Fiona"]
[Result "1/2-1/2"]
[WhiteElo "2416"]
[BlackElo "2297"]
[PlyCount "61"]
[EventDate "2023.06.10"]
[EventType "swiss"]
[EventRounds "9"]
[EventCountry "CZE"]
[SourceTitle "CBM 214 Extra"]
[Source "ChessBase"]
[SourceDate "2023.07.31"]
[SourceVersion "1"]
[SourceVersionDate "2023.07.31"]
[SourceQuality "1"]

1. e4 c5 2. Nf3 e6 3. g3 Nc6 4. Bg2 Nf6 5. Qe2 e5 6. 0-0 Be7 7. Nc3 d6 8. Nd5 Be6 9. Nxe7 Qxe7 10. c3 0-0 11. d3 h6 12. Nh4 Rfe8 13. f4 exf4 14. Rxf4 d5 15. Bd2 dxe4 16. dxe4 Ne5 17. Nf5 Bxf5 18. Rxf5 Rad8 19. Raf1 Rd6 20. Rxe5 Qxe5 21. Bf4 Qe7 22. Bxd6 Qxd6 23. Rd1 Qe6 24. a3 b6 25. Qd3 h5 26. Qd6 Nxe4 27. Qxe6 Rxe6 28. Rd8+ Kh7 29. Rd7 Nf6 30. Rxa7 Re1+ 31. Bf1 1/2-1/2

[Event "Teplice op"]
[Site "Teplice"]
[Date "2023.06.17"]
[Round "8"]
[White "Safarli, Eltaj"]
[Black "Rasik, Vitezslav"]
[Result "1-0"]
[WhiteElo "2609"]
[BlackElo "2416"]
[PlyCount "63"]
[EventDate "2023.06.10"]
[EventType "swiss"]
[EventRounds "9"]
[EventCountry "CZE"]
[SourceTitle "CBM 214 Extra"]
[Source "ChessBase"]
[SourceDate "2023.07.31"]
[SourceVersion "1"]
[SourceVersionDate "2023.07.31"]
[SourceQuality "1"]

1. e4 d6 2. d4 g6 3. Nc3 Bg7 4. Bg5 a6 5. Nf3 b5 6. a4 b4 7. Nd5 a5 8. c3 c6 9. Ne3 bxc3 10. bxc3 Nf6 11. Bd3 0-0 12. 0-0 Ba6 13. Re1 d5 14. Bxf6 Bxf6 15. e5 Bg7 16. e6 fxe6 17. Ng5 Bxd3 18. Qxd3 Qd6 19. Nc2 e5 20. Qh3 h6 21. Ne6 Nd7 22. Nxf8 Rxf8 23. dxe5 Nxe5 24. Nd4 Qf6 25. Ra2 g5 26. Rae2 Kh8 27. Qg3 Ng6 28. Re6 Qf7 29. Rxc6 Nf4 30. Ne6 Qg6 31. h4 Nh5 32. Nxg7 1-0

[Event "CZE-chT 2223"]
[Site "Czech Republic"]
[Date "2023.02.18"]
[Round "7.2"]
[White "Omelja, Artem"]
[Black "Rasik, Vitezslav"]
[Result "0-1"]
[WhiteElo "2441"]
[BlackElo "2419"]
[PlyCount "112"]
[EventDate "2022.10.15"]
[EventType "team-tourn"]
[EventRounds "11"]
[EventCountry "CZE"]
[SourceTitle "CBM 213 Extra"]
[Source "ChessBase"]
[SourceDate "2023.05.31"]
[SourceVersion "1"]
[SourceVersionDate "2023.05.31"]
[SourceQuality "1"]
[WhiteTeam "Praha Dopravni Podnik"]
[BlackTeam "Ingem Line"]
[WhiteTeamCountry "CZE"]
[BlackTeamCountry "CZE"]

1. Nf3 Nf6 2. c4 g6 3. Nc3 Bg7 4. e4 d6 5. d4 0-0 6. Be2 e5 7. 0-0 exd4 8. Nxd4 c6 9. Nc2 Re8 10. f3 Na6 11. Kh1 Nc7 12. Bg5 h6 13. Bh4 d5 14. cxd5 cxd5 15. Nb4 dxe4 16. Qxd8 Rxd8 17. fxe4 Rd4 18. Bxf6 Rxb4 19. b3 Bxf6 20. Rxf6 Be6 21. Rd1 Rc8 22. Rf3 Ne8 23. Rfd3 Nf6 24. Rd8+ Rxd8 25. Rxd8+ Kg7 26. Bf3 Nd7 27. Kg1 Rb6 28. Nd5 Rc6 29. Nf4 Ne5 30. Nxe6+ Rxe6 31. Kf2 Ra6 32. Rd2 Kf6 33. Ke3 Ke6 34. Be2 Rc6 35. h3 b6 36. Ba6 Rc7 37. Bb5 Rc5 38. Ba6 Rc7 39. Bb5 h5 40. Ba6 h4 41. Bb5 Rc3+ 42. Kd4 Rc8 43. Ke3 Rc3+ 44. Kd4 Rc5 45. Ba6 Nc6+ 46. Ke3 Rc3+ 47. Kf2 Ne5 48. Bb5 Kf6 49. Be2 Kg5 50. Bd1 Kf4 51. Bc2 g5 52. b4 Nc4 53. Re2 Re3 54. Rxe3 Nxe3 55. Bd3 f6 56. a3 Nd1+ 0-1

[Event "Marianske Lazne GM-A1 21st"]
[Site "Marianske Lazne"]
[Date "2023.01.21"]
[Round "9"]
[White "Petr, Martin"]
[Black "Rasik, Vitezslav"]
[Result "1/2-1/2"]
[WhiteElo "2508"]
[BlackElo "2427"]
[PlyCount "117"]
[EventDate "2023.01.14"]
[EventType "tourn"]
[EventRounds "9"]
[EventCountry "CZE"]
[EventCategory "7"]
[SourceTitle "CBM 212 Extra"]
[Source "ChessBase"]
[SourceDate "2023.03.31"]
[SourceVersion "1"]
[SourceVersionDate "2023.03.31"]
[SourceQuality "1"]

1. e4 d6 2. d4 g6 3. Nf3 Nf6 4. Nc3 Bg7 5. Be2 0-0 6. 0-0 a6 7. Bf4 Nc6 8. Qd2 e5 9. dxe5 dxe5 10. Qxd8 Rxd8 11. Nxe5 Nxe4 12. Nxc6 Nxc3 13. bxc3 bxc6 14. Bxc7 Rd7 15. Bf4 Bxc3 16. Rab1 Rd4 17. Be3 Ra4 18. Bf3 Bd7 19. Rfd1 Be8 20. Rb3 Bf6 21. a3 Be7 22. Rdd3 Rc4 23. Rdc3 Rxc3 24. Rxc3 Rb8 25. Kf1 h5 26. Bc5 Bxc5 27. Rxc5 Rb5 28. Rxb5 cxb5 29. Ke2 Kf8 30. Kd3 Ke7 31. Kd4 Kd6 32. g3 f6 33. h4 g5 34. Bb7 a5 35. Bf3 Bf7 36. c3 Be8 37. Be2 gxh4 38. gxh4 Kc6 39. f4 Bg6 40. Bf3+ Kd6 41. Bd1 Bf7 42. Be2 Be8 43. Bd3 Kc6 44. Bh7 Kd6 45. Bg8 Bg6 46. Bd5 Be8 47. Be4 Bf7 48. Bd3 Be8 49. Bh7 Bf7 50. Be4 Be8 51. Bd3 Kc6 52. Bh7 Kd6 53. f5 Bc6 54. Bg6 Bf3 55. Be8 Be2 56. Ke3 Ke7 57. Bc6 Kd6 58. Be8 Ke7 59. Bc6 1/2-1/2

[Event "Marianske Lazne GM-A1 21st"]
[Site "Marianske Lazne"]
[Date "2023.01.14"]
[Round "1"]
[White "Rasik, Vitezslav"]
[Black "Adithya, A Chullikkad"]
[Result "1-0"]
[WhiteElo "2427"]
[BlackElo "2196"]
[PlyCount "157"]
[EventDate "2023.01.14"]
[EventType "tourn"]
[EventRounds "9"]
[EventCountry "CZE"]
[EventCategory "7"]
[SourceTitle "CBM 212 Extra"]
[Source "ChessBase"]
[SourceDate "2023.03.31"]
[SourceVersion "1"]
[SourceVersionDate "2023.03.31"]
[SourceQuality "1"]

1. e4 c5 2. Nf3 d6 3. Bc4 Nf6 4. d3 g6 5. e5 dxe5 6. Nxe5 e6 7. Qf3 Bg7 8. Bb5+ Nbd7 9. Bxd7+ Bxd7 10. Qxb7 Qb8 11. Qxb8+ Rxb8 12. Nc3 Nd5 13. Nxd7 Kxd7 14. Nxd5 exd5 15. Rb1 Bc3+ 16. Kd1 Rhe8 17. b3 c4 18. Bd2 Bg7 19. Re1 c3 20. Bf4 Rxe1+ 21. Kxe1 Rb4 22. Be3 d4 23. Bf4 Rb5 24. Kf1 g5 25. Bg3 f5 26. f3 a5 27. a4 Rb6 28. Re1 f4 29. Bf2 Re6 30. g3 Rxe1+ 31. Bxe1 Bf6 32. gxf4 gxf4 33. Ke2 Ke6 34. Bf2 Ke5 35. Kd1 Kd5 36. Kc1 Kc5 37. Kb1 Kd5 38. Ka2 Bd8 39. Ka3 Be7+ 40. Ka2 Bd8 41. b4 axb4 42. Kb3 Kc5 43. h3 h5 44. Be1 Be7 45. Bf2 Bd8 46. a5 Bxa5 47. Bh4 Bc7 48. Be7+ Kd5 49. Kxb4 Ke6 50. Bc5 Kd5 51. Kb5 Be5 52. Kb6 Bc7+ 53. Kb5 Be5 54. Ba7 Bc7 55. Ka6 Be5 56. Kb7 Bd6 57. Bb6 Be5 58. Bd8 Kc5 59. Be7+ Kd5 60. Bf8 Bf6 61. Kc7 Bh8 62. Kd7 Be5 63. Bh6 Bd6 64. Bg7 Bc5 65. Bf6 Bd6 66. Ke8 Ke6 67. Bxd4 Be5 68. Bf2 Bg7 69. Be1 Bd4 70. Kf8 Kd5 71. Kf7 Kc5 72. Ke6 Kb4 73. Kd5 Be3 74. Ke4 Bd2 75. Bh4 Ka3 76. d4 Kb2 77. Kd3 Be3 78. d5 Bc5 79. Bf6 1-0

[Event "Pardubice rapid op 33rd"]
[Site "Pardubice"]
[Date "2022.07.20"]
[Round "3"]
[White "Rasik, Vitezslav"]
[Black "Laith, Kasib"]
[Result "1/2-1/2"]
[WhiteElo "2419"]
[BlackElo "2079"]
[PlyCount "59"]
[EventDate "2022.07.20"]
[EventType "swiss (rapid)"]
[EventRounds "9"]
[EventCountry "CZE"]
[SourceTitle "CBM 209 Extra"]
[Source "ChessBase"]
[SourceDate "2022.09.30"]
[SourceVersion "1"]
[SourceVersionDate "2022.09.30"]
[SourceQuality "1"]

1. e4 c5 2. Nf3 d6 3. g3 Nc6 4. Bg2 Nf6 5. d3 g6 6. 0-0 Bg7 7. Re1 0-0 8. c3 e5 9. h3 h6 10. Be3 Be6 11. Nbd2 Qd7 12. Kh2 b6 13. a4 d5 14. exd5 Nxd5 15. Nc4 Rad8 16. Qc2 Nde7 17. Rad1 Bf5 18. Bf1 Kh7 19. Bc1 Qc7 20. Qe2 f6 21. Nh4 Be6 22. f4 Nf5 23. Nxf5 Bxf5 24. fxe5 fxe5 25. Bg2 Be6 26. Be4 Ne7 27. Rf1 Bf5 28. Ne3 Be6 29. Ng2 Bb3 30. Rde1 1/2-1/2

[Event "Prague op"]
[Site "Prague"]
[Date "2022.06.13"]
[Round "5"]
[White "Santiago, Yago de Moura"]
[Black "Rasik, Vitezslav"]
[Result "1-0"]
[WhiteElo "2509"]
[BlackElo "2427"]
[PlyCount "75"]
[EventDate "2022.06.10"]
[EventType "swiss"]
[EventRounds "9"]
[EventCountry "CZE"]
[SourceTitle "CBM 208 Extra"]
[Source "ChessBase"]
[SourceDate "2022.07.31"]
[SourceVersion "1"]
[SourceVersionDate "2022.07.31"]
[SourceQuality "1"]

1. d4 d6 2. Nf3 g6 3. c4 Bg7 4. Nc3 Nf6 5. e4 0-0 6. Be2 Na6 7. 0-0 e5 8. Be3 c6 9. d5 Ng4 10. Bg5 f6 11. Bh4 c5 12. Ne1 h5 13. Nd3 Nh6 14. f3 Nf7 15. a3 Bh6 16. Bf2 f5 17. b4 b6 18. bxc5 Nxc5 19. Nxc5 bxc5 20. exf5 gxf5 21. Kh1 Bd7 22. g4 e4 23. gxf5 e3 24. Bg3 h4 25. Be1 Bxf5 26. f4 Bg7 27. Rg1 Nh6 28. Bd3 Qe7 29. Ra2 Rae8 30. Rag2 Rf7 31. Bxf5 Nxf5 32. Qh5 a6 33. Rg6 Qd7 34. R1g5 e2 35. Nxe2 Nd4 36. Rh6 Kf8 37. Bxh4 Rxe2 38. Rh8+ 1-0

[Event "CZE-ch"]
[Site "Usti nad Labem"]
[Date "2022.05.18"]
[Round "5"]
[White "Buchcar, Tomas"]
[Black "Rasik, Vitezslav"]
[Result "1/2-1/2"]
[WhiteElo "2183"]
[BlackElo "2433"]
[PlyCount "86"]
[EventDate "2022.05.14"]
[EventType "swiss"]
[EventRounds "9"]
[EventCountry "CZE"]
[SourceTitle "CBM 208 Extra"]
[Source "ChessBase"]
[SourceDate "2022.07.31"]
[SourceVersion "1"]
[SourceVersionDate "2022.07.31"]
[SourceQuality "1"]

1. e4 d6 2. d4 g6 3. Nc3 Bg7 4. Be3 c6 5. Qd2 b5 6. Nf3 Nd7 7. Bd3 Qc7 8. 0-0 Ngf6 9. h3 0-0 10. Ne2 c5 11. c3 Bb7 12. Ng3 e5 13. d5 c4 14. Bc2 Nc5 15. Bh6 Ne8 16. Bxg7 Nxg7 17. Qh6 f6 18. b4 cxb3 19. axb3 Nd7 20. Qd2 a6 21. b4 Rac8 22. Ra3 Nb6 23. Qd1 Nc4 24. Rb3 Qe7 25. Nd2 f5 26. Nxc4 Rxc4 27. Bd3 Rc7 28. Re1 fxe4 29. Bxe4 Ne8 30. Qd2 Qf7 31. Re3 Nf6 32. Rd3 Kh8 33. Rb1 Rc4 34. Re1 Nd7 35. Ree3 Qe7 36. Re2 Qh4 37. Rf3 Rxf3 38. Bxf3 Nf6 39. Qe3 Bxd5 40. Bxd5 Nxd5 41. Qf3 Nf4 42. Qa8+ Kg7 43. Re3 Qe7 1/2-1/2

[Event "CZE-chT 2122"]
[Site "Czech Republic"]
[Date "2022.04.10"]
[Round "15.1"]
[White "Movsesian, Sergei"]
[Black "Rasik, Vitezslav"]
[Result "1-0"]
[WhiteElo "2627"]
[BlackElo "2425"]
[PlyCount "99"]
[EventDate "2021.10.15"]
[EventType "team-tourn"]
[EventRounds "15"]
[EventCountry "CZE"]
[SourceTitle "EXT 2023"]
[Source "ChessBase"]
[SourceDate "2022.10.05"]
[SourceVersion "1"]
[SourceVersionDate "2022.10.05"]
[SourceQuality "1"]
[WhiteTeam "Pardubice"]
[BlackTeam "Ostrava Labortech"]
[WhiteTeamCountry "CZE"]
[BlackTeamCountry "CZE"]

1. e4 d6 2. d4 g6 3. Nc3 Bg7 4. Be3 Nf6 5. Qd2 c6 6. Nf3 0-0 7. a4 Qa5 8. h3 b5 9. Bd3 b4 10. Ne2 d5 11. exd5 cxd5 12. Bh6 Nc6 13. Bxg7 Kxg7 14. 0-0 Ba6 15. Qe3 Rac8 16. Nf4 e6 17. Rfc1 Rc7 18. Ne5 Rfc8 19. Bxa6 Qxa6 20. Nxc6 Rxc6 21. Nd3 Qb7 22. Nc5 Qc7 23. c3 bxc3 24. Rxc3 Ne4 25. Rc2 Nxc5 26. Rac1 Qa5 27. b3 Qb4 28. Rxc5 Rxc5 29. Rxc5 Rxc5 30. dxc5 d4 31. Qe5+ f6 32. Qc7+ Kh6 33. Qf4+ Kg7 34. c6 Qc3 35. Qd6 d3 36. c7 d2 37. Qd7+ Kh6 38. c8Q Qc1+ 39. Kh2 d1Q 40. Qxc1+ Qxc1 41. Qxa7 g5 42. Qb6 Kg6 43. a5 h5 44. a6 h4 45. Qd6 e5 46. Qd3+ Kh6 47. Qc4 Qa1 48. Qa4 Qf1 49. a7 Qxf2 50. Qa1 1-0

[Event "Marianske Lazne GM-A2 20th"]
[Site "Marianske Lazne"]
[Date "2022.01.21"]
[Round "8"]
[White "Ghazarian, Kirk Vagho"]
[Black "Rasik, Vitezslav"]
[Result "1/2-1/2"]
[WhiteElo "2379"]
[BlackElo "2424"]
[PlyCount "118"]
[EventDate "2022.01.15"]
[EventType "tourn"]
[EventRounds "9"]
[EventCountry "CZE"]
[EventCategory "7"]
[SourceTitle "CBM 206 Extra"]
[Source "ChessBase"]
[SourceDate "2022.03.31"]
[SourceVersion "1"]
[SourceVersionDate "2022.03.31"]
[SourceQuality "1"]

1. e4 d6 2. d4 g6 3. Nc3 Nf6 4. Nf3 Bg7 5. h3 0-0 6. Be3 c6 7. a4 Nbd7 8. a5 Qc7 9. Bd3 Rb8 10. 0-0 b5 11. axb6 axb6 12. d5 Bb7 13. dxc6 Bxc6 14. Nd4 Bb7 15. Ndb5 Qc8 16. Bd4 Ra8 17. Qf3 Qb8 18. Nd5 Nxd5 19. Bxg7 Kxg7 20. exd5 e6 21. c4 Nf6 22. Qg3 exd5 23. Nxd6 Rxa1 24. Rxa1 Rd8 25. Nf5+ Kh8 26. Qxb8 Rxb8 27. Nd6 Ra8 28. Rxa8+ Bxa8 29. Nxf7+ Kg7 30. Ne5 Kf8 31. f4 Ke7 32. Kf2 Kd6 33. g4 Kc5 34. Ke3 dxc4 35. Bxc4 Bg2 36. g5 Nd5+ 37. Bxd5 Kxd5 38. h4 Bh3 39. Kf3 b5 40. Ng4 Ke6 41. Ne3 Kd6 42. b4 Bc8 43. Ke4 Bb7+ 44. Kd4 Bf3 45. Nf1 Bg2 46. Ng3 Bf3 47. Ke3 Bg2 48. h5 gxh5 49. Nxh5 Ke6 50. Nf6 h6 51. Nh5 hxg5 52. fxg5 Kf5 53. g6 Bd5 54. Nf4 Bc4 55. Nd3 Ba2 56. Nf4 Bc4 57. g7 Kf6 58. Kd4 Kxg7 59. Kc5 Kf6 1/2-1/2